| Tag |
First Indicator |
Second Indicator |
Subfields |
| LEADER |
00000pam a2200000 a 4500 |
| 001 |
in00000087221 |
| 005 |
20151008062840.0 |
| 008 |
810113s1982 nyuab b 10100 engm |
| 010 |
|
|
|a 81000367
|
| 020 |
|
|
|a 0231048769 :
|c $40.00 (est.)
|
| 035 |
|
|
|a (OCoLC)07204740
|
| 035 |
|
|
|9 AAK1064AM
|
| 039 |
0 |
|
|a 2
|b 3
|c 3
|d 3
|e 3
|
| 040 |
|
|
|a DLC
|c DLC
|d m.c.
|d TXA
|d UtOrBLW
|
| 043 |
|
|
|a cl-----
|
| 049 |
|
|
|a TXAM
|c [1443341]
|
| 050 |
0 |
0 |
|a QH106.5
|b B56 1982
|
| 082 |
0 |
|
|a 574.5
|2 19
|
| 245 |
0 |
0 |
|a Biological diversification in the tropics :
|b proceedings of the fifth international symposium of the Association for Tropical Biology, held at Macuto Beach, Caracas, Venezuela, February 8-13, 1979 /
|c edited by Ghillean T. Prance.
|
| 264 |
|
1 |
|a New York :
|b Columbia University Press,
|c 1982.
|
| 300 |
|
|
|a xvi, 714 pages :
|b illustrations, maps ;
|c 27 cm.
|
| 336 |
|
|
|a text
|b txt
|2 rdacontent
|
| 337 |
|
|
|a unmediated
|b n
|2 rdamedia
|
| 338 |
|
|
|a volume
|b nc
|2 rdacarrier
|
| 504 |
|
|
|a Includes bibliographical references and index.
|
| 650 |
|
0 |
|a Species
|z Latin America
|x Congresses.
|
| 650 |
|
0 |
|a Variation (Biology)
|z Latin America
|x Congresses.
|
| 650 |
|
0 |
|a Isolating mechanisms
|z Latin America
|x Congresses.
|
| 650 |
|
0 |
|a Biogeography
|z Latin America
|x Congresses.
|
| 700 |
1 |
|
|a Prance, Ghillean T.,
|d 1937-
|
| 710 |
2 |
|
|a Association for Tropical Biology.
|
| 999 |
|
|
|a MARS
|
| 999 |
f |
f |
|s 29699502-d99d-3c91-a2f2-462d874eda9b
|i 2a130460-23db-3f6f-bcd2-9b0cf4514a6d
|t 0
|
| 952 |
f |
f |
|p ric
|a Texas A&M University
|b Rellis Campus
|c Joint Library Facility
|d Remote Storage
|t 0
|e QH106.5 .B56 1982
|h Library of Congress classification
|i unmediated -- volume
|m A14822487021
|
| 998 |
f |
f |
|a QH106.5 .B56 1982
|t 0
|l Remote Storage
|